The ARLA review and index for residential investment, in association with the ARLA group of buy to let mortgage lenders (Record no. 112479)

MARC details
000 -LEADER
fixed length control field 01055cad a22002175a 4500
001 - CONTROL NUMBER
control field L153347
008 - FIXED-LENGTH DATA ELEMENTS--GENERAL INFORMATION
fixed length control field 110713s2011 xxkd f s 000 0 eng d
035 ## - SYSTEM CONTROL NUMBER
System control number (Sirsi) u153347
041 0# - LANGUAGE CODE
Language code of text/sound track or separate title eng
050 04 - LIBRARY OF CONGRESS CALL NUMBER
Classification number 332.6324 $2 18
110 2# - MAIN ENTRY--CORPORATE NAME
Corporate name or jurisdiction name as entry element Association of Residential Letting Agents
9 (RLIN) 3020
245 04 - TITLE STATEMENT
Title The ARLA review and index for residential investment, in association with the ARLA group of buy to let mortgage lenders
Remainder of title second quarter 2011
Medium [electronic resource]
260 ## - PUBLICATION, DISTRIBUTION, ETC.
Place of publication, distribution, etc. Warwick
Name of publisher, distributor, etc. ARLA
Date of publication, distribution, etc. 2011
520 ## - SUMMARY, ETC.
Summary, etc. Residential yields, rents, void periods, types of rental property and regional differences. An undersupply of good quality property is threatening the UK rental market. There is an imbalance between supply and demand of available properties for rent.
521 2# - TARGET AUDIENCE NOTE
Target audience note Advanced
590 ## - LOCAL NOTE (RLIN)
Local note KA
651 #4 - SUBJECT ADDED ENTRY--GEOGRAPHIC NAME
Geographic name United Kingdom
Chronological subdivision
690 ## - LOCAL SUBJECT ADDED ENTRY--TOPICAL TERM (OCLC, RLIN)
Topical term or geographic name as entry element PROPERTY-RESIDENTIAL PROPERTY-RESIDENTIAL PROPERTY MARKET
856 40 - ELECTRONIC LOCATION AND ACCESS
Uniform Resource Identifier <a href="https://www.arla.co.uk/buy-to-let/buy-to-let-review/2011/q2/">https://www.arla.co.uk/buy-to-let/buy-to-let-review/2011/q2/</a>
Public note View the item free of charge at www.arla.co.uk
942 ## - ADDED ENTRY ELEMENTS (KOHA)
Suppress in OPAC 0
Holdings
Withdrawn status Lost status Source of classification or shelving scheme Damaged status Not for loan Home library Current library Shelving location Date acquired Total Checkouts Full call number Barcode Date last seen Copy number Price effective from Koha item type
    Dewey Decimal Classification     Virtual Virtual Online 13/07/2011   ONLINE PUBLICATION 153347-2001 06/08/2019 1 06/08/2019 Book